[Event "Hans Wild Turnier 2019"]
[Site "Bremen"]
[Date "2019.09.13"]
[Round "1.1"]
[White "Grigorian, Spartak"]
[Black "Fruebing, Stefan"]
[Result "1/2-1/2"]
[WhiteElo "2373"]
[BlackElo "2410"]
[Annotator "TA"]
[PlyCount "128"]
[EventDate "2019.09.13"]
[EventType "tourn"]
[EventCountry "GER"]
[SourceTitle "playchess.com"]
[Source "ChessBase"]
[SourceQuality "1"]

{[%evp 21,128,6,43,22,10,6,11,-28,17,13,28,27,56,15,44,60,24,10,15,5,6,13,20,7,18,0,0,0,6,8,10,8,12,10,0,0,0,0,0,0,0,0,0,-11,-9,-38,-16,-16,-16,-16,-16,-31,-31,-31,-31,-31,-31,-31,-31,-31,-31,-31,-31,-31,-31,-41,-31,-41,-32,-70,-70,-70,-70,-70,-70,-70,-70,-70,-70,-70,-70,-70,-70,-70,-70,-70,-70,-70,-70,-70,0,0,0,-70,-8,-8,-8,-8,-8,-54,-8,-8,-8,-8,0,0,0,0,0]} 1. d4 d5 2. c4 c6 3. Nc3 Nf6 4. e3 e6 5. Nf3 Nbd7 6. Qc2 Bd6 7. Bd3 dxc4 8. Bxc4 b5 9. Be2 Bb7 10. O-O O-O 11. e4 e5 12. dxe5 {D46: Semi-Slav: 5 e3 Nbd7 6 Bd3, Black avoids the Meran} Nxe5 13. Nh4 Bc8 {[#]} 14. f4 $146 ({Predecessor:} 14. h3 Ng6 15. Nf5 Bxf5 16. exf5 Nf4 17. Bf3 Rc8 18. Rd1 Qe7 19. Be3 Rfd8 {1-0 (56) Aronian,L (2793)-Giri,A (2771) Leuven 2017}) 14... Ng6 15. Nxg6 $1 hxg6 16. Kh1 Ng4 {[#] Hoping for ...Nxh2!} 17. h3 Qh4 {...Nf2+ is the strong threat.} 18. Qd1 {[%cal Re2g4]} b4 19. Bxg4 Bxg4 20. Qxg4 Qxg4 21. hxg4 bxc3 22. bxc3 Bc5 23. Rb1 Rab8 24. Rb3 Rfd8 25. Kh2 a5 26. Rf3 a4 27. Rxb8 Rxb8 28. Be3 Bxe3 29. Rxe3 $11 {[%mdl 4096] Endgame KR-KR} Rb2 30. Rd3 Rxa2 31. Rd8+ Kh7 32. Rd4 a3 {Strongly threatening ...Rc2.} 33. Rc4 Re2 34. Rxc6 Rxe4 35. Ra6 Rxf4 36. Kg3 Rc4 37. Rxa3 Kh6 38. Rb3 Kg5 39. Rb5+ f5 40. gxf5 Rxc3+ 41. Kf2 gxf5 42. Rb7 g6 43. Rb6 Ra3 44. Rc6 Kh5 45. g4+ fxg4 46. Rc8 Kh4 {And now ...Ra2+ would win.} 47. Rh8+ $1 Kg5 48. Kg2 {[#]} Rh3 $1 49. Ra8 (49. Rxh3 gxh3+) 49... Rf3 50. Rb8 $1 Rf5 51. Kg3 Ra5 52. Rc8 Rd5 53. Ra8 Rd3+ 54. Kg2 Re3 55. Rb8 Kf4 (55... Re1 $15) 56. Rf8+ Kg5 (56... Ke4 $11) 57. Rb8 $1 $15 g3 (57... Rc3 $15) 58. Rb5+ $11 Kh4 59. Rb4+ Kh5 60. Rb5+ g5 61. Rb4 {The position is equal.} Ra3 62. Rc4 g4 63. Rc8 Kh4 64. Rh8+ Kg5 {Accuracy: White = 70%, Black = 68%.} 1/2-1/2

[Event "Hans Wild Turnier 2019"]
[Site "Bremen"]
[Date "2019.09.13"]
[Round "1.2"]
[White "Kunin, Vitaly"]
[Black "Breutigam, Martin"]
[Result "1-0"]
[WhiteElo "2546"]
[BlackElo "2383"]
[Annotator "TA"]
[PlyCount "75"]
[EventDate "2019.09.13"]
[EventType "tourn"]
[EventCountry "GER"]
[SourceTitle "playchess.com"]
[Source "ChessBase"]
[SourceQuality "1"]

{[%evp 18,75,6,-3,0,-10,-5,-20,-19,-12,0,0,0,0,36,38,37,19,36,34,52,59,52,50,70,43,135,156,126,106,141,143,150,84,208,129,127,55,216,236,322,156,406,218,226,216,262,245,621,620,610,610,679,650,652,670,968,933,1317,1291]} 1. d4 d5 2. c4 c6 3. Nf3 Nf6 4. Qb3 dxc4 5. Qxc4 Bf5 6. g3 e6 7. Bg2 Nbd7 8. O-O Be7 9. Nc3 O-O 10. Bf4 h6 $146 {D23: Queen's Gambit Accepted: 3 Nf3 Nf6 sidelines} (10... Nd5 11. a3 N7b6 12. Qb3 Nxc3 13. bxc3 Be4 14. Rac1 Bd5 15. Qb2 g5 16. Be3 Nc4 17. Qxb7 Rb8 18. Qa6 {1-0 (35) Hansen,C (2626)-Rustemov,A (2607) Esbjerg 2001}) 11. a3 Rc8 12. Rfd1 Bc2 {The position is equal.} 13. Re1 Nd5 (13... Nb6 $5 14. Qa2 $8 Nfd5 $11) 14. e4 Nxf4 15. gxf4 c5 (15... Nb6 $5 {[%cal Rb6c4]} 16. Qe2 Bb3 $11) 16. d5 {And now Na2 would win.} Nb6 $1 {[%cal Rb6c4]} 17. Qe2 $36 {[%mdl 2048] White has good play.} Bb3 {[%cal Re6d5]} 18. Nd2 c4 19. Bh3 Bc2 20. dxe6 Bd3 21. Qg4 Rc6 (21... fxe6 $14 22. Qxe6+ Kh8) 22. exf7+ $16 Rxf7 23. Nf3 {Threatens to win with Ne5.} Qf8 24. f5 Nd7 25. Qg2 (25. Rad1 $142) 25... Qb8 (25... Rb6 $16) 26. Nd5 {aiming for e5.} Ne5 27. Nd4 (27. Rad1 $16) 27... Ra6 $2 (27... Bc5 $1 $14 28. Nxc6 bxc6) 28. Ne6 $18 {Black must now prevent f4.} Bh4 {[#] Threatening ...Rxe6.} 29. f6 (29. f4 $1 $18) 29... g5 $2 (29... Bxf6 $16 30. Nxf6+ Kh8) 30. Re3 (30. f4 $142) 30... Kh8 31. Kh1 Qg8 {White should prevent ...g4.} 32. Bf5 {Qh3 is the strong threat.} Rd7 $2 (32... Nd7 33. Qh3 Nxf6) 33. Nc5 {White is clearly winning.} Rxd5 34. exd5 Bxf5 35. Nxa6 Ng4 36. Rf3 Qxd5 {[#]} 37. f7 $1 Kg7 {[#]} (37... Qxf7 38. Qxg4) 38. f8=Q+ $1 {Accuracy: White = 45%, Black = 29%.} 1-0

[Event "Hans Wild Turnier 2019"]
[Site "Bremen"]
[Date "2019.09.13"]
[Round "1.3"]
[White "Reuker, Jari"]
[Black "Bruedigam, Martin"]
[Result "1/2-1/2"]
[WhiteElo "2397"]
[BlackElo "2396"]
[Annotator "TA"]
[PlyCount "52"]
[EventDate "2019.09.13"]
[EventType "tourn"]
[EventCountry "GER"]
[SourceTitle "playchess.com"]
[Source "ChessBase"]
[SourceQuality "1"]

{[%evp 23,52,0,18,18,32,17,37,23,31,25,31,34,22,28,34,25,39,40,29,29,37,-94,-16,-31,-24,-49,-39,-61,-33,-45,-45]} 1. Nf3 d5 2. c4 e6 3. g3 Nf6 4. Bg2 Be7 5. O-O O-O 6. b3 b6 7. Bb2 Bb7 8. e3 c5 9. Nc3 dxc4 10. bxc4 Nc6 11. Qe2 Qc7 12. Rfd1 Rac8 13. Rab1 {A14: English Opening: 1...e6 with b3 by White} (13. Ne1 Rfd8 14. f4 a6 15. g4 Ne8 16. Rab1 Nd6 17. Ba1 Na5 18. d3 Bc6 19. Qb2 Bf6 20. g5 Bxc3 21. Qxc3 {1-0 (52) Mamedov,R (2703)-Kovalev,V (2683) St Petersburg 2018}) 13... Rfe8 $146 ({Predecessor:} 13... Rfd8 14. Ba1 Qb8 15. Ne1 Nb4 16. Bxb7 Qxb7 17. a3 Nc6 18. d3 Ne8 19. f4 Bf6 20. g4 g6 {½-½ (43) Dvirnyy,D (2549)-Fluvia Poyatos,J (2491) Badalona 2013}) 14. d3 Qb8 15. Nh4 {White is slightly better.} Nb4 16. f4 Bxg2 17. Nxg2 Red8 18. g4 Ne8 19. g5 Rd7 20. a3 Nc6 21. Rf1 Rcd8 22. Rf3 (22. Ne1 $14 {stays ahead.}) 22... f5 (22... Rxd3 $17 {Threatening ...Rd2.} 23. Rh3 g6) 23. Rh3 {[#] Hoping for Qh5.} g6 ({Avoid the trap} 23... Rxd3 $2 24. Qh5 $18) 24. Ne1 Bf8 {Black is slightly better.} 25. Qf2 Qb7 26. e4 Bg7 {Accuracy: White = 40%, Black = 54%.} 1/2-1/2

[Event "Hans Wild Turnier 2019"]
[Site "Bremen"]
[Date "2019.09.14"]
[Round "2.1"]
[White "Fruebing, Stefan"]
[Black "Bruedigam, Martin"]
[Result "1/2-1/2"]
[WhiteElo "2410"]
[BlackElo "2396"]
[Annotator "TA"]
[PlyCount "36"]
[EventDate "2019.09.13"]
[EventType "tourn"]
[EventCountry "GER"]
[SourceTitle "playchess.com"]
[Source "ChessBase"]
[SourceQuality "1"]

{[%evp 17,31,13,29,11,10,7,4,8,35,20,22,9,23,11,30,17]} 1. e4 e5 2. Nf3 Nc6 3. Bc4 Bc5 4. O-O d6 5. d3 Nf6 6. c3 a6 7. Bb3 Ba7 8. Nbd2 O-O 9. h3 Be6 10. Re1 {C54: Giuoco Piano: 4 c3 Nf6, main lines with 5 d4 and 5 d3} (10. Bc2 d5 11. Ng5 Qe8 12. Ndf3 Rd8 13. Nxe6 fxe6 14. Qe2 Nh5 15. Kh2 Nf4 16. Bxf4 Rxf4 17. Rae1 Qf7 {½-½ (42) Aronian,L (2764)-Kramnik,V (2792) Paris 2018}) 10... Bxb3 11. Qxb3 Qd7 12. Nf1 {The position is equal.} Kh8 13. Be3 Bxe3 14. Rxe3 Nh5 15. d4 f6 16. Rd1 {Predecessor:} Rab8 $146 17. Ree1 Qf7 18. Qxf7 Rxf7 {1-0 (50) Delaney,K (2190)-Butler,K (2042) Dublin 2016} 1/2-1/2

[Event "Hans Wild Turnier 2019"]
[Site "Bremen"]
[Date "2019.09.14"]
[Round "2.2"]
[White "Breutigam, Martin"]
[Black "Reuker, Jari"]
[Result "1-0"]
[WhiteElo "2383"]
[BlackElo "2397"]
[Annotator "TA"]
[PlyCount "109"]
[EventDate "2019.09.13"]
[EventType "tourn"]
[EventCountry "GER"]
[SourceTitle "playchess.com"]
[Source "ChessBase"]
[SourceQuality "1"]

{[%evp 14,109,17,20,13,20,25,0,0,20,31,25,30,36,44,28,74,75,78,50,66,52,62,37,27,33,29,31,25,26,73,79,67,61,107,88,69,51,65,32,77,35,77,39,128,45,85,92,165,161,191,181,189,157,289,253,275,210,833,846,806,771,983,929,1027,1010,1000,991,963,702,734,888,1333,1287,1442,1357,1354,1237,1393,1329,1203,1119,911,682,29978,29979,29979,29979,29978,29978,29985,29986,29988,29989,29990,29991,29991,29989]} 1. d4 Nf6 2. Nf3 g6 3. Bg5 Bg7 4. Nbd2 d6 5. c3 h6 6. Bh4 O-O 7. e4 Nc6 8. Be2 Nh5 {A48: 1 d4 Nf6 2 Nf3 g6: Torre, London and Colle Systems} 9. O-O Nf4 10. Re1 Nxe2+ {The position is equal.} 11. Qxe2 Qe8 12. d5 $146 ({Predecessor:} 12. b4 e5 13. d5 Nb8 14. Nb3 f5 15. exf5 gxf5 16. Nfd2 {½-½ (89) Siebrecht,S (2402)-Degraeve,J (2536) Germany 1999}) 12... Ne5 13. Nxe5 Bxe5 14. Nc4 Bf6 15. Bxf6 exf6 16. f4 Qe7 17. Qf2 Re8 18. e5 dxe5 19. fxe5 Bf5 20. exf6 Qxf6 21. Ne3 $36 {[%mdl 2048] And now g4 would win. Black is under pressure.} Qb6 22. Nxf5 gxf5 23. c4 Qxf2+ 24. Kxf2 $14 {[%mdl 4096] Endgame KRR-KRR} Kg7 25. Kf3 Kf6 26. Rad1 b6 27. b3 a5 28. a4 Rad8 {[#]} ({Black should play} 28... Rxe1 $14 29. Rxe1 h5) 29. h3 (29. Rxe8 $1 $16 Rxe8 30. d6 cxd6 31. Rxd6+ Re6 32. Rd5) 29... Rg8 30. g3 Rg6 (30... h5 $16) 31. Kf4 $18 Rdg8 32. Re3 Rd8 33. Rdd3 h5 (33... Rg5 $16 34. Re2 Rd7) 34. Re5 Rg5 35. Rde3 Rd7 $2 {[#]} (35... h4) 36. Re6+ $1 {[%mdl 512]} fxe6 37. Rxe6+ Kg7 38. Kxg5 {KR-KR} Rf7 39. Kxh5 f4 40. gxf4 Rxf4 41. Re3 Kf6 42. h4 Rf1 43. Kh6 Rh1 44. h5 Kf5 45. Rg3 Rh2 46. Rg5+ Kf6 47. Rg6+ Kf5 48. d6 c5 49. Rg5+ {White mates.} Ke6 50. Rd5 Kd7 51. Kg6 Rh3 52. h6 Rxb3 53. h7 Rh3 54. Rh5 Rg3+ 55. Kf5 {Accuracy: White = 55%, Black = 30%.} 1-0

[Event "Hans Wild Turnier 2019"]
[Site "Bremen"]
[Date "2019.09.14"]
[Round "2.3"]
[White "Grigorian, Spartak"]
[Black "Kunin, Vitaly"]
[Result "1/2-1/2"]
[WhiteElo "2373"]
[BlackElo "2546"]
[Annotator "TA"]
[PlyCount "38"]
[EventDate "2019.09.13"]
[EventType "tourn"]
[EventCountry "GER"]
[SourceTitle "playchess.com"]
[Source "ChessBase"]
[SourceQuality "1"]

{[%evp 9,38,0,0,0,7,2,13,19,21,18,11,6,10,12,16,8,12,12,12,1,9,0,8,8,21,0,2,8,29,28,44]} 1. d4 d6 2. c4 e5 3. Nc3 exd4 4. Qxd4 Nc6 5. Qd2 Nf6 6. Nf3 {A21: English Opening: 1...e5 2 Nc3} (6. g3 Be6 7. b3 d5 8. cxd5 Bb4 9. dxe6 Ne4 10. exf7+ Kf8 11. Nxe4 Qd4 12. Nc3 Bxc3 13. Ba3+ Kxf7 14. O-O-O Bxd2+ 15. Rxd2 Qa1+ {0-1 (15) Tari,A (2625)-Alekseenko,K (2637) chess.com INT 2019}) 6... Be6 7. e3 g6 8. b3 {The position is equal.} Bg7 9. Bb2 O-O 10. Be2 d5 11. cxd5 Nxd5 12. Nxd5 Qxd5 $146 ({Predecessor:} 12... Bxd5 13. Bxg7 Kxg7 {½-½ (35) Jusiak,G (2225)-Hawelko,M (2455) Naleczow 1989}) 13. Bxg7 Qxd2+ 14. Kxd2 Kxg7 15. Kc3 Rad8 16. Rhd1 Kf6 17. a3 Ne7 18. Nd4 Bc8 19. b4 c6 {Accuracy: White = 74%, Black = 59%.} 1/2-1/2

[Event "Hans Wild Turnier 2019"]
[Site "Bremen"]
[Date "2019.09.14"]
[Round "3.1"]
[White "Kunin, Vitaly"]
[Black "Fruebing, Stefan"]
[Result "1/2-1/2"]
[WhiteElo "2546"]
[BlackElo "2410"]
[Annotator "TA"]
[PlyCount "205"]
[EventDate "2019.09.13"]
[EventType "tourn"]
[EventCountry "GER"]
[SourceTitle "playchess.com"]
[Source "ChessBase"]
[SourceQuality "1"]

{[%evp 10,205,7,6,6,6,0,0,10,0,3,0,0,0,0,0,10,-12,29,6,26,4,20,10,21,20,32,-80,-75,-105,-70,-148,26,0,0,0,0,0,0,0,0,-3,0,0,0,-29,-42,-49,0,0,52,18,19,18,18,16,15,14,18,18,18,18,13,10,15,14,16,18,34,15,35,35,35,34,30,0,25,10,18,16,16,15,27,19,55,32,30,16,31,9,14,0,14,14,14,14,10,10,14,9,10,9,13,7,7,7,7,0,4,0,14,14,30,13,36,13,13,13,14,14,14,14,14,14,26,26,26,26,26,26,26,26,26,26,26,26,26,26,26,26,26,26,5065,22,22,22,22,22,22,22,36,36,36,36,36,36,36,36,36,36,36,0,36,36,36,26,26,0,36,0,36,36,36,26,29993,36,36,36,36,36,36,36,36,36,36,26,26,26,26,0,26,26,26,26,26,0,0,0]} 1. d4 d5 2. Nf3 Nf6 3. c4 c6 4. Qb3 dxc4 5. Qxc4 Bg4 6. Nbd2 Nbd7 {D23: Queen's Gambit Accepted: 3 Nf3 Nf6 sidelines} 7. g3 e6 8. Bg2 Be7 9. O-O O-O 10. h3 Bh5 11. Qb3 Qb6 12. Nc4 Qa6 13. Re1 {[#]} Rac8 $146 ({Predecessor:} 13... Rfd8 14. Bf4 {0-1 (23) Gritsak,O (2549)-Bareev,E (2737) Warsaw 2002}) 14. Bg5 h6 15. Bf4 Nb6 16. Nce5 Nfd5 17. Bd2 f6 18. g4 (18. Nd3 $14 {stays ahead.}) 18... fxe5 $17 19. gxh5 Nc4 {Hoping for ...e4.} 20. dxe5 {[#]} (20. Bc1 $15) 20... Bc5 $2 (20... Rxf3 $1 $17 {[%mdl 512]} 21. Qxf3 Nxd2) 21. Qc2 (21. Rad1 {is more complex.} Nxd2 22. Rxd2 Rc7 23. Rc2 Qa5 24. Rd1) 21... Nxd2 22. Qxc5 Nxf3+ 23. Bxf3 Rxf3 24. exf3 {Qd6 is the strong threat.} Qd3 $1 25. Rad1 Qxf3 {[%mdl 64] ( -> ...Nf4!). Double Attack} 26. Qa3 Qxh5 27. Rd4 Rf8 {Strongly threatening ...Rf3.} 28. Rg4 Rf5 29. Ree4 Rxe5 (29... Rf7 $11) 30. Qg3 (30. Qxa7 {with more complications.} Rxe4 31. Rxe4 Qg6+ 32. Rg4 Qb1+ 33. Kg2) 30... Rxe4 31. Rxe4 $11 {[%mdl 4096] Endgame KQR-KQN} Qf5 32. Qg4 Kf7 33. Qxf5+ exf5 {KR-KN} 34. Re5 g6 35. Kg2 Nf4+ 36. Kg3 Ne6 37. h4 Kf6 38. Re1 Nc7 39. Kf3 {[%mdl 1024] White has compensation.} Ne6 40. Rd1 Ke7 41. Rg1 Kf6 42. Rd1 Ke7 43. Rd3 Nc5 44. Ra3 a6 45. Ke3 Ne6 46. Rb3 b5 47. Ra3 Nc7 48. Ke2 c5 49. Rc3 Ne6 50. Ra3 Nc7 51. Rg3 Ne6 52. Kd2 g5 $1 53. hxg5 hxg5 54. Ra3 Nc7 55. Rh3 Kd6 56. b3 Ne6 (56... g4 $5 {[%cal Rg4h3]} 57. Rh7 Ne6 $11) 57. Rh7 g4 58. Rh8 Ke5 59. Ra8 b4 60. Rxa6 Ng5 61. Ke2 Kf4 62. a3 bxa3 63. Rxa3 Ne4 64. Ra8 Nc3+ 65. Kf1 Ne4 66. Rd8 Kf3 67. Rd5 {[%cal Rd5f5]} Kf4 68. Kg2 Kg5 $1 69. f3 gxf3+ $1 70. Kxf3 Kf6 71. Kf4 Ke6 $1 {[%cal Re6d5]} 72. Rxf5 Nd2 73. Re5+ Kd6 74. Re3 c4 $1 75. b4 {aiming for Rc3.} Kd5 $2 {[%mdl 8192] [#]} (75... Nb3 $11) 76. Re8 $2 (76. Re5+ $1 $18 Kc6 77. Rc5+ Kb6 78. Ke3 Nf1+ 79. Kd4) 76... c3 77. Ke3 Kc4 78. Rc8+ Kxb4 79. Kd3 Nb3 80. Rb8+ Ka4 81. Kxc3 Na5 82. Rb4+ Ka3 83. Rf4 Nb3 84. Rf5 {Rb5 would kill now.} (84. Rf3 {feels hotter.} Ka4 85. Rf2 Na5 86. Rb2 Nc6 87. Rb3) 84... Ka4 $1 85. Rf4+ Ka3 86. Rf1 Ka4 $1 87. Rf7 Na5 88. Rf5 Nb3 89. Rf4+ Ka3 90. Rh4 Na5 91. Rh5 {[%cal Rh5a5]} Nb3 $2 {[%mdl 8192] [#]} (91... Ka4 $11) 92. Kc4 $2 (92. Rb5 $1 {mates} Ka4 93. Rxb3 Ka5 94. Kc4 Ka6 95. Kc5 Ka7 96. Kc6 Ka8 97. Kc7 Ka7 98. Ra3#) 92... Nd2+ $14 93. Kd3 Nb3 94. Kc3 {Intending Rb5 and mate.} Ka4 95. Rh4+ Ka3 96. Rh3 {White wants to mate with Kc4.} Ka4 97. Kc4 Na5+ 98. Kc5 Nb3+ 99. Kc4 Na5+ 100. Kd4 Kb4 101. Kd5 Nb3 102. Rxb3+ Kxb3 103. Ke4 {Accuracy: White = 48%, Black = 60%.} 1/2-1/2

[Event "Hans Wild Turnier 2019"]
[Site "Bremen"]
[Date "2019.09.14"]
[Round "3.2"]
[White "Reuker, Jari"]
[Black "Grigorian, Spartak"]
[Result "1-0"]
[WhiteElo "2397"]
[BlackElo "2373"]
[Annotator "TA"]
[PlyCount "149"]
[EventDate "2019.09.13"]
[EventType "tourn"]
[EventCountry "GER"]
[SourceTitle "playchess.com"]
[Source "ChessBase"]
[SourceQuality "1"]

{[%evp 10,167,20,26,21,5,13,8,0,-14,6,6,7,0,19,14,84,85,109,116,114,110,105,109,110,102,113,127,133,139,157,105,101,100,111,109,126,135,142,141,231,237,215,139,231,141,199,182,258,196,259,198,208,202,214,212,192,186,190,172,195,203,174,173,187,211,216,0,152,138,159,150,193,175,183,182,188,186,202,176,181,0,191,186,175,190,174,157,172,92,148,147,147,140,141,108,165,124,160,140,143,137,301,162,557,557,544,542,511,508,782,768,754,737,1036,589,4726,4718,4710,4710,886,595,569,570,762,736,1129,1093,1876,1933,1885,1917,1817,1737,1625,1221,29961,4722,5787,5628,29982,29981,29985,29986,29990,29991,29991,29992,29992,29993,29993,29994,29994,29994,29993,29994,29997,29993,29993,29994]} 1. c4 Nf6 2. Nc3 e6 3. e4 d5 4. cxd5 exd5 5. e5 Ne4 6. Nf3 (6. Nxe4 dxe4 7. Qa4+ Nc6 $15) 6... Bf5 {A18: English Opening: Flohr-Mikenas System (1 c4 Nf6 2 Nc3 e6 3 e4)} 7. d3 (7. Be2 {with more complications.} d4 8. Nxe4 Bxe4 9. Bc4 Nc6 10. O-O) 7... Nxc3 8. bxc3 c5 {The position is equal.} 9. d4 Nc6 10. Bd3 Bxd3 11. Qxd3 Be7 12. O-O $146 {[%mdl 2048] White has good play.} ({Predecessor:} 12. dxc5 Bxc5 13. O-O Qd7 14. Re1 {½-½ (96) Grischuk,A (2767)-Nakamura,H (2787) Moscow 2018}) 12... O-O (12... c4 $11 {remains equal.} 13. Qf5 O-O) 13. dxc5 $16 Bxc5 14. Ng5 $1 {[%csl Gg5][%cal Rd3h7]} g6 15. e6 f6 {[#]} 16. e7 $1 {[%cal Re7d8][%mdl 512]} Bxe7 17. Ne6 $1 {[%csl LRd8,LRf8][%mdl 64] Double Attack} Qd6 18. Nxf8 Rxf8 19. Rb1 b6 20. Bf4 (20. Rb5 $142) 20... Qd7 21. Rfe1 Rd8 22. Rbd1 Bc5 23. Be3 Ne5 24. Qe2 Bf8 {[#]} (24... Bxe3 $16 25. Qxe3 Kf7) 25. Bd4 $1 $18 Bg7 26. h3 h5 (26... Nc4 $16 27. g4 Qf7) 27. Qc2 (27. Bxe5 fxe5 28. Qc2 Qf7 $14) 27... Kh7 (27... Kf7 $16 {was necessary.} 28. Re2 Nc6) 28. Re2 Qf7 (28... Nc6 $142 29. Rde1 Qf7) 29. Rde1 Rd7 (29... Nc6 {was called for.} 30. Qa4 Qc7) 30. Qa4 Nd3 31. Rd1 Ne5 32. Qb5 Nc4 33. Qc6 Ne5 34. Qc8 Qg8 35. Qa6 Qf7 36. Rde1 Rc7 37. Qb5 Rd7 38. Rd1 Nc4 39. Qb1 Nd6 40. Qd3 Nc4 41. Qf3 Kg8 42. Qg3 Ne5 43. Qf4 Nc6 44. Qe3 Ne5 45. Qf4 Nc6 $1 46. g4 Ne5 47. Kg2 (47. Bxe5 $6 fxe5 48. Qg3 hxg4 $14) 47... hxg4 48. hxg4 ({Worse is} 48. Bxe5 gxh3+ 49. Kxh3 fxe5 $11) 48... g5 49. Qg3 (49. Qf5 $18) 49... Qe6 (49... Ng6 $142) 50. f3 $16 Qf7 51. Bxe5 fxe5 52. Red2 Qe6 53. Qh3 d4 54. cxd4 exd4 55. Qh5 Kf8 $2 {[#]} (55... Rd5 $16 {keeps fighting.} 56. Rc1 Rc5 57. Rxc5 bxc5 58. Qxg5 c4) 56. Rc2 ({Weaker is} 56. Qxg5 Bh6 $11) (56. Rc1 $142 $1 {[%cal Rc1c8] Intending Rc8+ and mate.} Bh6 57. Rc8+ Kg7 58. Re8) 56... Rd5 $2 {[#]} (56... Rc7 57. Rf2 (57. Rxc7 Qe2+ {[%mdl 64] Double Attack} 58. Kg1 Qxd1+ 59. Kg2 Qe2+ {[%mdl 64] Double Attack} 60. Kg1 Qd1+ 61. Kg2 Qe2+ {[%mdl 64] Double Attack} 62. Kg1 Qe1+ 63. Kg2 Qe2+ $11 {[%mdl 64] Double Attack}) 57... Rc5) 57. Re1 $1 $18 {[%mdl 512]} Re5 (57... Qxe1 58. Rc8+) 58. Rxe5 Bxe5 59. Qxg5 {[%mdl 4096] Endgame aiming for Re2. KQR-KQB} Bf6 (59... Bd6 $142 60. Kf1 d3) 60. Qh6+ Ke7 61. Qh7+ Ke8 62. Qd3 {Black must now prevent Re2!} Qd5 63. Qg6+ {[%mdl 64] Double Attack} Ke7 64. Re2+ Be5 65. Qd3 Kd6 66. Kf2 Bf6 67. Kg3 Qg5 68. Qe4 Qd5 {[#]} 69. Qg6 $1 Qg5 70. Qxg5 Bxg5 {KR-KB} 71. f4 Bd8 72. Kf3 Kd5 73. Re5+ (73. g5 $142 Kd6 74. Rh2 d3 75. Rh7 a5 76. g6 d2 77. Ke2 Bf6 78. g7 Bxg7 79. Rxg7) 73... Kc4 74. Ke4 b5 75. g5 {Played: Re5-d5} 1-0

[Event "Hans Wild Turnier 2019"]
[Site "Bremen"]
[Date "2019.09.14"]
[Round "3.3"]
[White "Bruedigam, Martin"]
[Black "Breutigam, Martin"]
[Result "1-0"]
[WhiteElo "2396"]
[BlackElo "2383"]
[Annotator "TA"]
[PlyCount "123"]
[EventDate "2019.09.13"]
[EventType "tourn"]
[EventCountry "GER"]
[SourceTitle "playchess.com"]
[Source "ChessBase"]
[SourceQuality "1"]

{[%evp 13,123,46,55,44,54,33,54,50,51,52,85,77,108,100,115,94,96,104,186,75,81,58,84,76,95,41,45,39,40,37,40,51,94,97,76,56,94,101,106,106,99,65,85,90,90,90,85,91,89,77,76,86,141,120,120,120,120,0,120,120,120,119,116,68,101,100,111,115,292,289,431,232,331,289,283,240,242,227,226,220,286,277,254,199,297,287,389,381,352,283,289,283,283,280,327,214,576,608,506,484,1022,1015,1367,1174,1434,1395,29981,29982,29978,29979,29983,29984]} 1. e4 e5 2. Nf3 Nc6 3. Bc4 Nf6 4. d3 Be7 5. O-O O-O 6. Re1 d6 7. a4 Kh8 8. h3 {C55: Two Knights: 4 d3, 4 d4 exd4 5 e5 and Max Lange Attack} (8. Nc3 Ng8 9. Nd5 f5 10. h3 fxe4 11. dxe4 Nf6 12. a5 a6 13. Ra3 Be6 14. Nxf6 Bxc4 15. Nd5 Bb5 {½-½ (67) Caruana,F (2822)-Grischuk,A (2766) Saint Louis 2018}) 8... h6 9. Nc3 Nh7 10. Nd5 {White is slightly better.} Ng5 $146 ({Predecessor:} 10... f5 11. a5 a6 12. c3 Bf6 13. exf5 Bxf5 14. Nd2 Ne7 15. Nxf6 Nxf6 {1-0 (95) Kosteniuk,A (2537)-Khomeriki,N (2347) St Petersburg 2018}) 11. Bxg5 hxg5 12. c3 g6 13. Qd2 f6 14. h4 Kg7 15. hxg5 f5 (15... fxg5 $16 16. Nxe7 Qxe7) 16. d4 (16. exf5 $18 {and White stays clearly on top.} Bxf5 17. Nxe7 Qxe7 18. d4) 16... f4 $16 17. Nb4 {Black must now prevent Nxc6.} Nxb4 18. cxb4 Bg4 19. Qc3 (19. Ra3 $16) 19... Bxg5 $14 20. dxe5 dxe5 21. Nh2 ({But not} 21. Nxe5 Bf6 $17) 21... Bh5 22. Be2 Qe7 23. Bxh5 gxh5 24. Rad1 Rad8 25. b5 Bf6 26. Nf3 Kh6 27. Qb3 Qg7 {White should prevent ...Rg8.} 28. Rxd8 Rxd8 29. Rd1 {Threatens to win with Rxd8.} Rg8 {[%csl Gg8][%cal Rg7g2] [#]} 30. Ne1 Qg4 31. Rd2 Rg7 32. Kf1 b6 ({Better is} 32... Rd7 33. Rxd7 Qxd7) 33. Rd5 Rd7 34. Qd3 Rg7 35. Qb3 Rd7 $1 36. Rxd7 Qxd7 37. Qd3 Qe6 38. b3 Be7 39. Nf3 Kg7 40. Qc3 Bf6 $2 {[#]} (40... Bd6 $16 {is a better defense.}) 41. Qxc7+ $18 Kg6 (41... Qf7 $142 42. Qb8 Qe7) 42. Qc4 (42. Qxa7 $142 h4 43. a5) 42... Qd6 (42... Qxc4+ $142 43. bxc4 Kf7) 43. Ke2 Kg7 44. Ne1 Qd7 45. Qd3 Qg4+ 46. Kf1 Kg6 47. Kg1 Qc8 48. Qc4 Qd8 (48... Qxc4 $142 49. bxc4 Bd8) 49. Nf3 Qd6 50. Qg8+ Kh6 51. Kh2 Qe7 52. Qd5 Kg7 53. Nd2 Qb4 54. Qd7+ Kh6 $2 (54... Qe7 {is tougher.} 55. Qf5 Bh4) 55. Nc4 Qxb3 56. Nd6 Qg8 (56... f3 $142 57. Qf5 {[%mdl 64] Double Attack} Be7 58. Nf7+ {[%mdl 64] Double Attack} Kg7) 57. Qxa7 f3 58. Nf5+ Kg5 59. Qxb6 fxg2 60. Qe3+ {White mates.} Kg6 61. Qg3+ Bg5 62. Ne7+ {[%mdl 64] Double Attack. Accuracy: White = 63%, Black = 37%.} 1-0